British Puddings - Sudden Death - Statistics

General Stats
  • This quiz has been taken 116 times
  • The average score is 5 of 13
Answers on the Grid
Answers color-coded by a green-red scale on the quiz's grid according to % correct below.
Christmas pudding
Eve's pudding
Cabinet pudding
Coconut pudding
Malva pudding
Queen of Puddings
Summer pudding
Mango pudding
Persimmon pudding
Poi
Waldorf pudding
Sago pudding
Figgy pudding
Bread and butter pudding
Tapioca pudding
Zerde
Hasty pudding
Scrapple
Sussex pond pudding
Treacle sponge pudding
Goetta
Fruit hat
Spotted dick
Malvern pudding
 
Answer Stats
Answer % Correct
Christmas pudding
87%
Bread and butter pudding
54%
Summer pudding
51%
Figgy pudding
49%
Spotted dick
48%
Eve's pudding
41%
Treacle sponge pudding
41%
Queen of Puddings
37%
Sussex pond pudding
18%
Cabinet pudding
15%
Malvern pudding
11%
Waldorf pudding
9%
Fruit hat
6%
No matching quizzes found
Score Distribution
Percent of People with Each Score
Percentile by Number Answered
Your Score History
You have not taken this quiz